| 000 | 00745cab a2200241 4500 | ||
|---|---|---|---|
| 001 | ABS52004 | ||
| 008 | 090401t1994 xxu||||| |||| 00| 0 eng d | ||
| 035 | _a(Sirsi) u54383 | ||
| 041 | _aeng | ||
| 100 | _aSimpson, J.A. | ||
| 245 | _aHow to review a nursing home appraisal | ||
| 260 | _c1994 | ||
| 350 | _a0 | ||
| 490 |
_aAppraisal Journal _v62(4) October 1994, 542-545(4) |
||
| 520 | _aAddresses the problems of valuing a nursing home, and highlights issues and sensitive areas of which the valuer should be aware. (US practice) | ||
| 650 | _aMARKET ANALYSIS | ||
| 650 | _aNURSING HOMES | ||
| 650 | _aVALUATION ISSUES | ||
| 690 | _aOVERSEAS-NORTH AMERICA | ||
| 690 | _aRATING AND VALUATION | ||
| 942 | _n0 | ||
| 948 | _c04/03/1997 | ||
| 999 |
_c33336 _d33336 |
||